The Hindu Speaks on Scientific Facts : VOLUME - I (Record no. 47261)

MARC details
000 -LEADER
fixed length control field 00589nam a22001697a 4500
005 - DATE AND TIME OF LATEST TRANSACTION
control field 20260218103610.0
008 - FIXED-LENGTH DATA ELEMENTS--GENERAL INFORMATION
fixed length control field 260218b |||||||| |||| 00| 0 eng d
020 ## - INTERNATIONAL STANDARD BOOK NUMBER
International Standard Book Number 9789387791114
040 ## - CATALOGING SOURCE
Transcribing agency VITAP
082 ## - DEWEY DECIMAL CLASSIFICATION NUMBER
Edition number 23rd Ed.
Classification number 500 HIN
100 ## - MAIN ENTRY--PERSONAL NAME
Personal name The Hindu Group
9 (RLIN) 17059
245 ## - TITLE STATEMENT
Title The Hindu Speaks on Scientific Facts : VOLUME - I
Statement of responsibility, etc. / The Hindu Group
260 ## - PUBLICATION, DISTRIBUTION, ETC.
Place of publication, distribution, etc. Chennai
Name of publisher, distributor, etc. THG (The Hindu Group) Publishing Private Limited
Date of publication, distribution, etc. 2024
300 ## - PHYSICAL DESCRIPTION
Extent XVII, 320p. : ill. ; 21cm
Other physical details VOLUME - I
650 #0 - SUBJECT ADDED ENTRY--TOPICAL TERM
Topical term or geographic name entry element Natural Sciences and Mathematics; Science; Scientific facts
9 (RLIN) 17060
942 ## - ADDED ENTRY ELEMENTS (KOHA)
Source of classification or shelving scheme Dewey Decimal Classification
Koha item type Text Book
Holdings
Withdrawn status Lost status Source of classification or shelving scheme Materials specified (bound volume or other part) Damaged status Not for loan Collection code Home library Current library Shelving location Date acquired Source of acquisition Cost, normal purchase price Inventory number Total Checkouts Full call number Barcode Date last seen Cost, replacement price Price effective from Koha item type Public note Date last checked out
    Dewey Decimal Classification Paper Back     Reference School of Business & General Section VIT-AP Reference 2026-01-12 The Hindu Group of Publications 300.00 9001173329   500 HIN 025457 2026-02-18 300.00 2026-01-12 Reference Book GEN  
    Dewey Decimal Classification Paper Back       School of Business & General Section VIT-AP General Stacks 2026-01-12 The Hindu Group of Publications 300.00 9001173329   500 HIN 025458 2026-02-18 300.00 2026-01-12 Text Book GEN  
    Dewey Decimal Classification Paper Back       School of Business & General Section VIT-AP General Stacks 2026-02-13 B.V. Pratap, The Hindu News Agent 200.00 2026/2/325 1 500 HIN 025523 2026-05-02 200.00 2026-02-13 Text Book GEN 2026-04-30

Visitor Number: